Kabale University Library Catalogue

Semantics : (Record no. 5860)

MARC details
000 -LEADER
fixed length control field 00947cam a2200265 i 4500
003 - CONTROL NUMBER IDENTIFIER
control field OSt
005 - DATE AND TIME OF LATEST TRANSACTION
control field 20260128133804.0
008 - FIXED-LENGTH DATA ELEMENTS--GENERAL INFORMATION
fixed length control field 761013s1977 mau b 001 0 eng
020 ## - INTERNATIONAL STANDARD BOOK NUMBER
International Standard Book Number 0521291860
Qualifying information v. 2 : pbk.
020 ## - INTERNATIONAL STANDARD BOOK NUMBER
International Standard Book Number 9780521291866
Qualifying information (v. 2 : pbk.)
040 ## - CATALOGING SOURCE
Original cataloging agency KABLIB
Transcribing agency KABLIB
Language of cataloging eng.
Description conventions rda
082 00 - DEWEY DECIMAL CLASSIFICATION NUMBER
Classification number 410
Edition number 23
Item number LYO
100 1# - MAIN ENTRY--PERSONAL NAME
Personal name Lyons, John,
Dates associated with a name 1932-
9 (RLIN) 14777
245 10 - TITLE STATEMENT
Title Semantics :
Remainder of title vol. 2 /
Statement of responsibility, etc. John Lyons.
260 ## - PUBLICATION, DISTRIBUTION, ETC.
Place of publication, distribution, etc. Cambridge ;
-- New York :
Name of publisher, distributor, etc. Cambridge University Press,
Date of publication, distribution, etc. 1977.
300 ## - PHYSICAL DESCRIPTION
Extent xiii, 897 p. ;
Dimensions 24 cm.
500 ## - GENERAL NOTE
General note Includes indexes.
504 ## - BIBLIOGRAPHY, ETC. NOTE
Bibliography, etc. note Bibliography: v. 1, p. [336]-356; v. 2, p. [850]-879.
650 #0 - SUBJECT ADDED ENTRY--TOPICAL TERM
Topical term or geographic name entry element Semantics.
9 (RLIN) 5519
650 #0 - SUBJECT ADDED ENTRY--TOPICAL TERM
Topical term or geographic name entry element Semiotics.
9 (RLIN) 6283
650 #0 - SUBJECT ADDED ENTRY--TOPICAL TERM
Topical term or geographic name entry element Grammar, Comparative and general.
856 42 - ELECTRONIC LOCATION AND ACCESS
Materials specified Publisher description
Uniform Resource Identifier <a href="http://www.loc.gov/catdir/description/cam022/76040838.html">http://www.loc.gov/catdir/description/cam022/76040838.html</a>
856 41 - ELECTRONIC LOCATION AND ACCESS
Materials specified Table of contents
Uniform Resource Identifier <a href="http://www.loc.gov/catdir/toc/cam022/76040838.html">http://www.loc.gov/catdir/toc/cam022/76040838.html</a>
942 ## - ADDED ENTRY ELEMENTS (KOHA)
Source of classification or shelving scheme Dewey Decimal Classification
Koha item type Book
Holdings
Withdrawn status Lost status Source of classification or shelving scheme Damaged status Not for loan Home library Current library Shelving location Date acquired Source of acquisition Total Checkouts Full call number Barcode Date last seen Price effective from Koha item type
    Dewey Decimal Classification     Education Library Education Library Open Access Section 28.01.2026 Donation   410 LYO 14266 28.01.2026 28.01.2026 Book
    Dewey Decimal Classification     Education Library Education Library Open Access Section 28.01.2026 Donation   410 LYO 14267 28.01.2026 28.01.2026 Book

Kabale University Library | Kabale University P.O Box 317, Kabale, Uganda
Tel : +256754017033, +256774661503 E-mail : library@kab.ac.ug